Влияние акустических колебаний, генерируемых при трении, на изнашивание титановых сплавов; Известия Томского политехнического университета [Известия ТПУ]; Т. 319, № 2 : Математика и механика. Физика
| Parent link: | Известия Томского политехнического университета [Известия ТПУ]/ Томский политехнический университет (ТПУ).— , 2000- Т. 319, № 2 : Математика и механика. Физика.— 2011.— [С. 57-61] |
|---|---|
| المؤلف الرئيسي: | |
| مؤلفون آخرون: | , |
| الملخص: | Заглавие с титульного листа Электронная версия печатной публикации Представлены исследования изнашивания титановых сплавов в условиях гашения акустических колебаний возникающих при трении. Показано, что акустические колебания по своему действию аналогичны дополнительной эффективной нагрузке. Гашением акустических колебаний в трибосистеме можно влиять на механизм изнашивания и снижать износ титановых сплавов. |
| اللغة: | الروسية |
| منشور في: |
2011
|
| سلاسل: | Математика и механика. Физика |
| الموضوعات: | |
| الوصول للمادة أونلاين: | http://www.lib.tpu.ru/fulltext/v/Bulletin_TPU/2011/v319/i2/13.pdf |
| التنسيق: | MixedMaterials الكتروني فصل الكتاب |
| KOHA link: | https://koha.lib.tpu.ru/cgi-bin/koha/opac-detail.pl?biblionumber=203188 |
MARC
| LEADER | 00000nla2a2200000 4500 | ||
|---|---|---|---|
| 001 | 203188 | ||
| 005 | 20240206124154.0 | ||
| 035 | |a (RuTPU)RU\TPU\book\221413 | ||
| 035 | |a RU\TPU\book\221350 | ||
| 090 | |a 203188 | ||
| 100 | |a 20111031d2011 k y0rusy50 ca | ||
| 101 | 0 | |a rus | |
| 102 | |a RU | ||
| 135 | |a drnn ---uucaa | ||
| 181 | 0 | |a i | |
| 182 | 0 | |a b | |
| 200 | 1 | |a Влияние акустических колебаний, генерируемых при трении, на изнашивание титановых сплавов |f Б. П. Гриценко, К. В. Круковский, Н. В. Гирсова | |
| 203 | |a Текст |c электронный | ||
| 215 | |a 1 файл (731 Кб) | ||
| 225 | 1 | |a Математика и механика. Физика | |
| 300 | |a Заглавие с титульного листа | ||
| 300 | |a Электронная версия печатной публикации | ||
| 320 | |a [Библиогр.: с. 61 (9 назв.)] | ||
| 330 | |a Представлены исследования изнашивания титановых сплавов в условиях гашения акустических колебаний возникающих при трении. Показано, что акустические колебания по своему действию аналогичны дополнительной эффективной нагрузке. Гашением акустических колебаний в трибосистеме можно влиять на механизм изнашивания и снижать износ титановых сплавов. | ||
| 337 | |a Adobe Reader | ||
| 461 | 1 | |0 (RuTPU)RU\TPU\book\176237 |t Известия Томского политехнического университета [Известия ТПУ] |f Томский политехнический университет (ТПУ) |d 2000- | |
| 463 | 1 | |0 (RuTPU)RU\TPU\book\221233 |x 1684-8519 |t Т. 319, № 2 : Математика и механика. Физика |v [С. 57-61] |d 2011 |p 167 с. | |
| 610 | 1 | |a трение | |
| 610 | 1 | |a износ | |
| 610 | 1 | |a сплавы титана | |
| 610 | 1 | |a деформация | |
| 610 | 1 | |a акустические колебания | |
| 610 | 1 | |a гашение колебаний | |
| 610 | 1 | |a трибосистемы | |
| 610 | 1 | |a труды учёных ТПУ | |
| 610 | 1 | |a электронный ресурс | |
| 700 | 1 | |a Гриценко |b Б. П. |c специалист в области светотехники |c профессор Томского политехнического университета, доктор технических наук |f 1949- |g Борис Петрович |3 (RuTPU)RU\TPU\pers\28820 |9 13594 | |
| 701 | 1 | |a Круковский |b К. В. | |
| 701 | 1 | |a Гирсова |b Н. В. | |
| 801 | 1 | |a RU |b 63413507 |c 20090623 |g PSBO | |
| 801 | 2 | |a RU |b 63413507 |c 20211228 |g PSBO | |
| 856 | 4 | |u http://www.lib.tpu.ru/fulltext/v/Bulletin_TPU/2011/v319/i2/13.pdf | |
| 942 | |c CF | ||